đź“– 150 premiers mots "L'alchimiste" Paulo Coelho - Statistiques

Statistiques générales
  • Ce quiz a Ă©tĂ© pris 41 fois
  • Le rĂ©sultat moyen est 72 sur 150
Statistiques - réponses
Mots % Correct
Ă 
96%
s'
96%
Santiago.
96%
l'
93%
Il
89%
il
89%
la
89%
Le
89%
le
89%
n'
89%
de
82%
se
82%
des
79%
qu'
79%
et
75%
un
75%
dĂ»
71%
du
71%
oĂą
71%
pas
71%
une
71%
jour
68%
sa
68%
dans
64%
les
64%
en
61%
mais,
61%
par
61%
son
57%
au
54%
avait
54%
ses
54%
toute
54%
y
54%
avec
50%
était
50%
nommait
50%
nuit
50%
nuit.
50%
cet
46%
sur
43%
journée
39%
plus
39%
toutes
39%
fois,
36%
sol
36%
Avant
32%
comme
32%
trouvait
32%
endroit.
25%
passer
25%
bien
21%
chercher
21%
lendemain
21%
pensa
21%
troupeau,
21%
brebis
18%
porte
18%
allongea,
14%
égarée.
14%
endormir,
14%
fit
14%
livre
14%
lorsqu'
14%
bĂŞte
11%
décida
11%
devrait
11%
enfuie,
11%
quelques
11%
ruine
11%
arriva,
7%
depuis
7%
église
7%
emplacement
7%
étendit
7%
grandi
7%
lire
7%
loups
7%
perdre
7%
région
7%
sycomore
7%
terminer.
7%
venait
7%
vieille
7%
abandonnée.
4%
autrefois
4%
cape
4%
cours
4%
déclinait
4%
devant
4%
disposa
4%
échapper
4%
écroulé
4%
empĂŞcher
4%
énorme
4%
entrer
4%
façon
4%
longtemps,
4%
maintenant
4%
mettrait ...
4%
oreiller
4%
ouvrages
4%
planches
4%
sacristie.
4%
servant
4%
toit
4%
volumineux :
4%
Aucun quiz correspondant
Distribution des résultats
% des personnes avec chaque résultat
Percentile par nombre de réponses
Votre historique - résultats
Vous n’avez pas pris ce quiz